|
|
|
|
| LEADER |
00797nam a2200217 a 4500 |
| 001 |
2156 |
| 008 |
130724s1971 nyu b 001 0 eng d |
| 010 |
|
|
|a 71132456
|
| 040 |
|
|
|a DLC
|c DLC
|d DLC
|d BD-DhAAL
|
| 082 |
0 |
0 |
|a 300/.72
|
| 100 |
1 |
|
|a Phillips, Bernard S.
|
| 245 |
1 |
0 |
|a Social research :
|b strategy and tactics /
|c [by] Bernard S. Phillips.
|
| 250 |
|
|
|a 2d ed.
|
| 260 |
|
|
|a New York :
|b Macmillan,
|c c1971.
|
| 300 |
|
|
|a xiii, 398 p.
|c 24 cm.
|
| 504 |
|
|
|a Includes bibliographies and indexes.
|
| 541 |
|
|
|e 2156
|
| 650 |
|
0 |
|a Social sciences
|x Research.
|
| 852 |
1 |
|
|a Ayesha Abed Library
|j General shelf.
|
| 999 |
|
|
|c 13732
|d 13732
|
| 952 |
|
|
|0 0
|1 0
|2 ddc
|4 0
|6 300_720000000000000_PHI
|7 0
|9 22977
|a BRACUL
|b BRACUL
|c GEN
|d 2013-07-27
|g 0.00
|l 0
|o 300.72 PHI
|p 3010002156
|r 2013-07-27
|t 1
|w 2013-07-27
|y BK
|z Not price in Register
|